000
00496nam a2200181Ia 4500
008
090123s9999 xx 000 0 und d
082
_b
14680
_a
891.463/सामंत
100
_a
सामंत माया
245
_a
बाधा
250
_a
1
260
_b
श्रध्दा प्रकाशन
300
_a
139
600
_a
सामंत माया
630
_a
बाधा
700
_a
सामंत माया
730
_a
बाधा
942
_c
BOOK
999
_c
52741
_d
52741